| 000 | 01282cam a22003497a 4500 | ||
|---|---|---|---|
| 003 | CHAP | ||
| 005 | 20220817043236.0 | ||
| 008 | 971013s1986 r 00010 d | ||
| 010 | _a69365 | ||
| 011 | _a70337 | ||
| 035 | _a79818 | ||
| 040 | _cCHAP | ||
| 090 | _aTesis | ||
| 100 | 0 | 0 |
_aMoreno Rivera, Ismael. _978696 |
| 245 | 1 | 3 | _aEl problema burocrático del crédito agrícola |
| 260 |
_aChihuahua, Chih. : _bEl autor, _c1986 |
||
| 300 |
_a33 h. _b: ilus. ; gráfs. |
||
| 502 | _aTesis (Ing. Agrónomo Esp. en Zonas Aridas) -- UACH. Departamento de Zonas Aridas | ||
| 590 |
_aALEPH _b10 _c20130110 _lUCH01 _h1407 |
||
| 590 |
_aBATCH-UPD _b10 _c20130110 _lUCH01 _h0654 |
||
| 590 |
_aBATCH-UPD _b10 _c20130410 _lUCH01 _h0339 |
||
| 590 |
_aBATCH-UPD _b10 _c20130914 _lUCH01 _h1102 |
||
| 590 |
_aCONVERSION _b10 _c20130109 _lUCH01 _h1338 |
||
| 650 | 1 | 4 |
_aCrédito agrícola _xSinaloa. _929078 |
| 650 | 1 | 4 |
_aCrédito agrícola _zMéxico. _929089 |
| 710 | 0 | _aUACH. Departamento de Zonas Aridas. | |
| 790 | _aOperatividad del crédito y seguro agrícola en el desarrollo agropecuario en el Estado de Chihuahua | ||
| 901 | _aBK | ||
| 942 | _cFOLL | ||
| 949 |
_aTesis _bBC _cTES _d00000000-79818 _eTS1 _h21953 _i79818 _si |
||
| 949 |
_aTesis _bBC _cTES _d33724002033488 _eTS2 _fc.2 _h21923 _i79818 _sb |
||
| 999 |
_c69365 _d69365 |
||